Missing Word: Two-Word Movies by Actress Quiz Stats

 Plays Quiz Updated Oct 13, 2014

Challenge
Share
Tweet
Embed
Score 0/24 Timer 04:00
0 Plays Today
Hint Answer % Correct
Julia RobertsPretty
98.3%
Julia RobertsBride
96%
Julia RobertsErin
94.2%
Natalie PortmanBlack
93.7%
Julia RobertsHill
92.9%
Meryl StreepMamma
92.2%
Meryl StreepChoice
88%
Jodie FosterRoom
85.5%
Jodie FosterTaxi
80.2%
Jodie FosterFreaky
74.5%
Julia RobertsPizza
73.7%
Natalie PortmanAttacks
73.4%
Hint Answer % Correct
Julia RobertsOcean's
62.6%
Natalie PortmanMountain
60.3%
Natalie PortmanYour
55.2%
Natalie PortmanGarden
46.6%
Meryl StreepDevil
45.5%
Meryl StreepHope
41%
Jodie FosterMan
39.7%
Jodie FosterIsland
31.7%
Jodie FosterBugsy
29.4%
Meryl StreepComplicated
24.2%
Natalie PortmanGirls
17.1%
Meryl StreepMarvin's
13.4%

Today's Daily Dose

You're not logged in!

Compare scores with friends on all Sporcle quizzes.
Join for Free
OR
Log In

You Might Also Like...

Show Comments

Extras

Top Quizzes Today


Score Distribution

Your Account Isn't Verified!

In order to create a playlist on Sporcle, you need to verify the email address you used during registration. Go to your Sporcle Settings to finish the process.

Report this User

Report this user for behavior that violates our Community Guidelines.

Details: